ბათუმის შოთა რუსთაველის სახელმწიფო უნივერსიტეტის ბიბლიოთეკა

Interactive Organic Chemistry (ბიბ.ჩანაწერი № 49483)

000 -LEADER
fixed length control field 00645nam a2200253Ia 4500
001 - CONTROL NUMBER
control field 16407
003 - CONTROL NUMBER IDENTIFIER
control field GE_BSU
008 - FIXED-LENGTH DATA ELEMENTS--GENERAL INFORMATION
fixed length control field 181216s||||||||xx |||||||||||||| ||und||
020 ## - INTERNATIONAL STANDARD BOOK NUMBER
International Standard Book Number 003033473X Workbook with CD ISBN 0030334810
040 ## - CATALOGING SOURCE
Transcribing agency GE_BSU
080 ## - UNIVERSAL DECIMAL CLASSIFICATION NUMBER
Universal Decimal Classification number 54
100 ## - MAIN ENTRY--PERSONAL NAME
Personal name Vining William J. Rotello Vincent M. Bak David A.
245 ## - TITLE STATEMENT
Title Interactive Organic Chemistry
245 ## - TITLE STATEMENT
Remainder of title CD-ROM and Workbook
260 ## - PUBLICATION, DISTRIBUTION, ETC.
Place of publication, distribution, etc. USA
260 ## - PUBLICATION, DISTRIBUTION, ETC.
Name of publisher, distributor, etc. THOMSON: BROOKS\COLE
260 ## - PUBLICATION, DISTRIBUTION, ETC.
Date of publication, distribution, etc. 2001
300 ## - PHYSICAL DESCRIPTION
Extent 142p;23cm.
300 ## - PHYSICAL DESCRIPTION
Other physical details +1CD-Rom
653 ## - INDEX TERM--UNCONTROLLED
Uncontrolled term Interactive Organic Chemistry
653 ## - INDEX TERM--UNCONTROLLED
Uncontrolled term ქიმია
942 ## - ADDED ENTRY ELEMENTS (KOHA)
Koha item type წიგნი
ეგზემპლარები
Withdrawn status Lost status Damaged status Not for loan Date acquired Barcode Date last seen Price effective from Koha item type
        2018-12-17 41146 2018-12-17 2018-12-17 წიგნი